[Event "23rd Dubai Open 2023"]
[Site "Dubai UAE"]
[Date "2023.06.04"]
[Round "9.3"]
[White "Vakhidov, Jakhongir"]
[Black "Yu, Yangyi"]
[Result "1/2-1/2"]
[WhiteTitle "GM"]
[BlackTitle "GM"]
[WhiteElo "2607"]
[BlackElo "2729"]
[WhiteFideId "14201801"]
[BlackFideId "8603820"]
[EventDate "2023.05.27"]

1. d4 d5 2. c4 c6 3. Nc3 Nf6 4. cxd5 cxd5 5. Bf4 Nc6 6. e3 Bf5 7. Nf3 e6 8. Ne5
Nxe5 9. dxe5 Nd7 10. e4 dxe4 11. Bb5 Bc5 12. O-O a6 13. Bg5 Be7 14. Bxd7+ Qxd7
15. Qxd7+ Kxd7 16. Rfd1+ Ke8 17. Be3 b5 18. Rac1 Rd8 19. Re1 f6 20. a4 bxa4 21.
Nxa4 Bb4 22. Rf1 Kf7 23. Rc7+ Kg6 24. h3 h5 25. Ra1 a5 26. Nb6 h4 27. Ra7 Rd3
28. Nc4 Rc8 29. Nd6 Rd8 30. Rc1 Bxd6 31. exd6 R3xd6 32. Rcc7 Rg8 33. Rxa5 Rd1+
34. Kh2 Rb1 35. Rb5 Rd8 36. Rc1 Rxc1 37. Bxc1 Rd1 38. Rc5 Rf1 39. Be3 Rb1 40.
Rb5 e5 41. Rb4 Kh7 42. Rb7 Bc8 43. Rb4 Bf5 44. Rb7 Be6 45. Bc5 Kg6 46. Bf8 Bf7
47. Bc5 Bd5 48. Rd7 Bb3 49. Bf8 Bf7 50. Rb7 Rf1 51. Bc5 Bd5 52. Rd7 Bc4 53. Rc7
Bd3 54. b4 Rc1 55. Bd6 Rf1 56. Bc5 Bb5 57. Rb7 Ba6 58. Ra7 Bc4 59. Rc7 Bd3 60.
Rd7 Kh6 61. Rf7 Bc4 62. Rc7 Kg6 63. Be3 Bb5 64. Rc5 Bd3 65. b5 Rb1 66. b6 Rxb6
67. Rxe5 Rd6 68. Re7 Rd8 69. Rc7 Ra8 70. Rb7 Rg8 71. Bf4 Rd8 72. Be3 Re8 73. Bd2
Bc4 74. Rc7 Bf7 75. Bf4 Be6 76. Be3 Rg8 77. Rc5 Rd8 78. Rc7 Rd6 79. Rb7 Bd7 80.
Rb6 Bc6 81. Ra6 Kf5 82. Ra5+ Bd5 83. Bc5 Rd7 84. Ra7 Bb7 85. Ra5 g5 86. Be3+ Kg6
87. Rb5 f5 88. g3 hxg3+ 89. fxg3 Bc6 90. Rc5 Rd6 91. h4 gxh4 92. gxh4 Bd7 93.
Kg3 Rd1 94. Rc1 Rd6 95. Kf4 Kh5 96. Rg1 Rd3 97. Rg8 Rd6 98. Rh8+ Rh6 1/2-1/2

[Event "23rd Dubai Open 2023"]
[Site "Dubai UAE"]
[Date "2023.06.04"]
[Round "9.4"]
[White "Tabatabaei, M. Amin"]
[Black "Mishra, Abhimanyu"]
[Result "1/2-1/2"]
[WhiteTitle "GM"]
[BlackTitle "GM"]
[WhiteElo "2677"]
[BlackElo "2550"]
[WhiteFideId "12521213"]
[BlackFideId "30920019"]
[EventDate "2023.05.27"]

1. c4 c6 2. Nf3 d5 3. e3 Nf6 4. d4 e6 5. Nbd2 Be7 6. b3 O-O 7. Bb2 Nbd7 8. Bd3
c5 9. O-O b6 10. Qe2 Bb7 11. Rfd1 Rc8 12. Rac1 dxc4 13. Bxc4 Rc7 14. e4 cxd4 15.
Nxd4 Nc5 16. Nb5 Rd7 17. Nc3 Nh5 18. g3 Bg5 19. Ncb1 Nf6 20. Bb5 Nd3 21. Bxd3
Rxd3 22. Nf3 Bxc1 23. Rxd3 Ba6 24. Rxd8 Bxe2 25. Rxf8+ Kxf8 26. Bxc1 Bxf3 27. e5
Ne4 28. Bb2 g5 29. Kf1 h5 30. Na3 a6 31. Ke1 h4 32. Bd4 b5 33. gxh4 gxh4 34. Nc2
h3 35. a4 bxa4 36. bxa4 Ng5 37. Be3 Be4 38. Nd4 Nf3+ 39. Nxf3 Bxf3 40. Kd2 Kg7 1/2-1/2

[Event "23rd Dubai Open 2023"]
[Site "Dubai UAE"]
[Date "2023.06.04"]
[Round "9.5"]
[White "Xue, Haowen"]
[Black "Gupta, Abhijeet"]
[Result "1/2-1/2"]
[BlackTitle "GM"]
[WhiteElo "2335"]
[BlackElo "2630"]
[WhiteFideId "8625492"]
[BlackFideId "5010608"]
[EventDate "2023.05.27"]

1. d4 Nf6 2. c4 g6 3. Nf3 Bg7 4. h3 O-O 5. e3 d6 6. Nc3 Nbd7 7. Be2 e5 8. O-O
Re8 9. Qc2 exd4 10. exd4 Nf8 11. Bd3 Ne6 12. Be3 Nh5 13. Ne2 f5 14. Kh1 Bd7 15.
Rae1 Qf6 16. d5 Nc5 17. Bd4 Qf8 18. Qc3 Nf6 19. b4 Nce4 20. Qc2 a5 21. a3 Re7
22. Nc3 axb4 23. axb4 Rae8 24. Kg1 Ng5 25. Re3 Nxf3+ 26. Rxf3 Nh5 27. Be3 f4 28.
g4 Rf7 29. Bd2 Nf6 30. Rxf4 b5 31. Nxb5 Bxb5 32. cxb5 Kh8 33. Re1 Rxe1+ 34. Bxe1
Nxd5 35. Rxf7 Qxf7 36. Qc4 Kg8 37. Bd2 Be5 38. Qe4 Nf6 39. Qe2 Bd4 40. Bh6 d5
41. Kg2 Ne4 42. f3 Nd6 43. Bc2 Bg7 44. Bg5 h6 45. Bh4 Nc4 46. Bg3 Bd4 47. Kh2
Kg7 48. Bd3 Ne3 49. f4 Qf6 50. f5 g5 51. Kh1 Bb6 52. Be1 Qa1 53. Qd2 Kf7 54. Be2
Bd4 55. Bf3 Kf8 56. Be2 Qb1 57. Bd3 Qa1 58. Qe2 Bb6 59. Kh2 Qd4 60. Bf2 Qf4+ 61.
Bg3 Qxb4 62. Kh1 Qc3 63. Be1 Qa1 64. Kh2 Bd4 65. h4 Be5+ 66. Kh3 Bf4 67. Qf2 Qa3
68. Qe2 Qc1 69. Qd2 h5 70. Be2 Qa1 71. Qc3 Qxc3 72. Bxc3 hxg4+ 73. Bxg4 gxh4 74.
Kxh4 Nc2 75. Bd1 Ne3 76. Bb3 d4 77. Bb4+ Kg7 78. Bc5 Nxf5+ 79. Kg4 Bd6 80. Kxf5
Bxc5 81. Bc4 1/2-1/2

[Event "23rd Dubai Open 2023"]
[Site "Dubai UAE"]
[Date "2023.06.04"]
[Round "9.6"]
[White "Sargsyan, Shant"]
[Black "Lalit Babu M R"]
[Result "1/2-1/2"]
[WhiteTitle "GM"]
[BlackTitle "GM"]
[WhiteElo "2630"]
[BlackElo "2529"]
[WhiteFideId "13306766"]
[BlackFideId "5024595"]
[EventDate "2023.05.27"]

1. c4 e5 2. g3 Nf6 3. Bg2 d5 4. cxd5 Nxd5 5. Nf3 Nc6 6. O-O Be7 7. d4 e4 8. Ne5
f5 9. Nxc6 bxc6 10. Qc2 Qd6 11. Nc3 O-O 12. Nxd5 Qxd5 13. Bf4 Bd6 14. Bxd6 cxd6
15. e3 Ba6 16. Rfc1 Rfc8 17. Qb3 Qxb3 18. axb3 Be2 19. Ra5 g6 20. Bf1 Bxf1 21.
Kxf1 Kf7 22. Ra6 Ke6 23. Rcxc6 Rxc6 24. Rxc6 Rb8 25. Rc7 h5 26. Rxa7 Rxb3 27.
d5+ Kf6 28. Rd7 Rxb2 29. Rxd6+ Kf7 30. Rc6 Rb5 31. d6 Rd5 32. Kg2 Rd2 33. Ra6
Ke6 34. d7+ Kf7 35. Ra7 Kf6 36. Rb7 Kg5 37. Kf1 Kf6 38. Ke1 Rd5 39. Ke2 Ke6 40.
Rb6+ Kf7 41. Rb7 Ke6 42. f3 exf3+ 43. Kxf3 Rxd7 44. Rxd7 Kxd7 45. Kf4 Ke6 46.
Kg5 Kf7 47. Kh6 Kf6 48. h4 Kf7 49. Kh7 Kf6 50. Kg8 g5 51. Kh7 gxh4 52. gxh4 f4
53. exf4 Kf5 54. Kh6 Kxf4 55. Kxh5 Kf5 1/2-1/2

[Event "23rd Dubai Open 2023"]
[Site "Dubai UAE"]
[Date "2023.06.04"]
[Round "9.7"]
[White "Karthik, Venkataraman"]
[Black "Chigaev, Maksim"]
[Result "1/2-1/2"]
[WhiteTitle "GM"]
[BlackTitle "GM"]
[WhiteElo "2528"]
[BlackElo "2628"]
[WhiteFideId "25006479"]
[BlackFideId "4108116"]
[EventDate "2023.05.27"]

1. d4 Nf6 2. c4 g6 3. Nc3 Bg7 4. e4 d6 5. Be2 O-O 6. Be3 Na6 7. Nf3 e5 8. O-O
Qe7 9. Re1 Nxe4 10. Nxe4 exd4 11. Bxd4 Qxe4 12. Qd2 Bxd4 13. Nxd4 Qh4 14. Bf3 c6
15. Rad1 Bd7 16. b4 Rae8 17. b5 Nb8 18. g3 Qf6 19. Bg2 Rxe1+ 20. Rxe1 Re8 21.
Rc1 a6 22. a4 axb5 23. axb5 Rc8 24. Rd1 Kg7 25. h3 h6 26. Qa5 d5 27. bxc6 Nxc6
28. Qxd5 Nxd4 29. Qxd4 Qxd4 30. Rxd4 Be6 31. Bxb7 Rxc4 1/2-1/2

[Event "23rd Dubai Open 2023"]
[Site "Dubai UAE"]
[Date "2023.06.04"]
[Round "9.8"]
[White "Murzin, Volodar"]
[Black "Smirin, Ilia"]
[Result "1-0"]
[WhiteTitle "GM"]
[BlackTitle "GM"]
[WhiteElo "2604"]
[BlackElo "2599"]
[WhiteFideId "44155573"]
[BlackFideId "2801990"]
[EventDate "2023.05.27"]

1. e4 c5 2. Nf3 e6 3. c3 d5 4. e5 d4 5. d3 Nc6 6. g3 Qc7 7. Qe2 Nge7 8. Bg2 Ng6
9. cxd4 Nxd4 10. Nxd4 cxd4 11. O-O Qxe5 12. Be4 Be7 13. Nd2 Qc7 14. Nc4 Bd7 15.
h4 Rc8 16. a4 f6 17. h5 Nf8 18. Bd2 Bc6 19. Rac1 Bxe4 20. dxe4 Qd7 21. e5 Kf7
22. Qf3 f5 23. b4 Rd8 24. Na5 Rb8 25. Qb3 h6 26. g4 fxg4 27. f4 gxf3 28. Qxf3+
Kg8 29. Qf7+ Kh7 30. Rc7 Qxc7 31. Rf6 Bxf6 32. Qxc7 Rd8 33. exf6 Rd7 34. Qf4 Kg8
35. Nc4 gxf6 36. Qxf6 Rhh7 37. Ne5 Rd5 38. Bxh6 1-0

[Event "23rd Dubai Open 2023"]
[Site "Dubai UAE"]
[Date "2023.06.04"]
[Round "9.9"]
[White "Sanal, Vahap"]
[Black "Fawzy, Adham"]
[Result "1-0"]
[WhiteTitle "GM"]
[BlackTitle "GM"]
[WhiteElo "2600"]
[BlackElo "2495"]
[WhiteFideId "6300545"]
[BlackFideId "10613129"]
[EventDate "2023.05.27"]

1. c4 Nf6 2. g3 c6 3. Nf3 g6 4. b3 Bg7 5. Bb2 d5 6. Bg2 O-O 7. O-O Bg4 8. d3
Bxf3 9. Bxf3 Nbd7 10. Bg2 a5 11. a3 e6 12. Qc2 b5 13. Nd2 Ne8 14. d4 a4 15. cxb5
cxb5 16. Bc3 Nd6 17. Qd3 Qb6 18. Bb4 Rfc8 19. e3 axb3 20. Nxb3 Nc4 21. e4 dxe4
22. Bxe4 Ra4 23. Nc5 Nxc5 24. dxc5 Rxc5 25. Bxc5 Qxc5 26. Rad1 Bf6 27. Qd7 Ne5
28. Qb7 Ng4 29. Bf3 Ne5 30. Be2 Rxa3 31. Qxb5 Qxb5 32. Bxb5 Ra2 33. h3 h5 34. f4
Ra3 35. Kg2 Rb3 36. fxe5 Bxe5 37. Rd8+ Kg7 38. Bd3 f5 39. Rb1 Ra3 40. Rb7+ Kh6
41. h4 Ra2+ 42. Kf1 Ra1+ 43. Bb1 g5 44. Re8 1-0

[Event "23rd Dubai Open 2023"]
[Site "Dubai UAE"]
[Date "2023.06.04"]
[Round "9.10"]
[White "Ohanyan, Emin"]
[Black "Theodorou, Nikolas"]
[Result "1-0"]
[WhiteTitle "IM"]
[BlackTitle "GM"]
[WhiteElo "2444"]
[BlackElo "2591"]
[WhiteFideId "13312022"]
[BlackFideId "4262875"]
[EventDate "2023.05.27"]

1. d4 Nf6 2. c4 g6 3. Nc3 Bg7 4. e4 d6 5. Be2 O-O 6. Be3 a5 7. Nf3 Ng4 8. Bg5 h6
9. Bh4 Nf6 10. h3 Na6 11. Bg3 Nd7 12. O-O e5 13. Qd2 b6 14. Rad1 Bb7 15. dxe5
Nxe5 16. Nd4 Nc5 17. f3 f5 18. exf5 gxf5 19. Nd5 Ng6 20. Rfe1 Kh7 21. Bf1 Bxd5
22. cxd5 Bxd4+ 23. Qxd4 Qg5 24. Bf2 f4 25. Qc3 Ne5 26. b3 Rf7 27. Kh1 Rg8 28.
Bd4 Rf5 29. a3 Rg7 30. b4 axb4 31. axb4 Ncd7 32. Qxc7 Qh5 33. Qxd6 Rfg5 34. Qe6
Rxg2 35. Bxg2 Rxg2 36. Rg1 Rg5 37. Rxg5 hxg5 38. Qf5+ Kh6 39. Rf1 Qh4 40. Bf2
Qh5 41. Bd4 Qh4 42. Rg1 Qh5 43. Qe6+ Kh7 44. Rg2 g4 45. fxg4 Qh4 46. Bxe5 Qe1+
47. Kh2 Nxe5 48. Qf5+ Kg8 49. Qxf4 b5 50. Rf2 Ng6 51. Qg3 Ne5 52. d6 Qe4 53. Qf4
Qd5 54. Qf8+ 1-0

[Event "23rd Dubai Open 2023"]
[Site "Dubai UAE"]
[Date "2023.06.04"]
[Round "9.11"]
[White "Kovalev, Vladislav"]
[Black "Salem, A.R. Saleh"]
[Result "0-1"]
[WhiteTitle "GM"]
[BlackTitle "GM"]
[WhiteElo "2612"]
[BlackElo "2677"]
[WhiteFideId "13504398"]
[BlackFideId "9301348"]
[EventDate "2023.05.27"]

1. e4 c6 2. Nf3 d5 3. d3 Bg4 4. Nbd2 e6 5. h3 Bh5 6. g4 Bg6 7. h4 h6 8. Qe2 Nd7
9. h5 Bh7 10. Rg1 Be7 11. Bh3 Qa5 12. exd5 cxd5 13. g5 hxg5 14. Nxg5 Bf5 15.
Bxf5 exf5 16. Kf1 Kf8 17. Nb3 Qa4 18. Qf3 Ngf6 19. Qxf5 Rxh5 20. Bd2 Rc8 21. Bc3
g6 22. Qf3 Rxc3 23. bxc3 Ne5 24. Qg2 Nfg4 25. Nh3 Bh4 26. Qxd5 Bxf2 27. Nxf2
Ne3+ 0-1

[Event "23rd Dubai Open 2023"]
[Site "Dubai UAE"]
[Date "2023.06.04"]
[Round "9.12"]
[White "Iskandarov, Misratdin"]
[Black "Karthikeyan, Murali"]
[Result "1/2-1/2"]
[WhiteTitle "GM"]
[BlackTitle "GM"]
[WhiteElo "2577"]
[BlackElo "2627"]
[WhiteFideId "13400312"]
[BlackFideId "5074452"]
[EventDate "2023.05.27"]

1. e4 e5 2. Nf3 Nc6 3. Bb5 a6 4. Ba4 Bc5 5. O-O Nge7 6. c3 Ng6 7. d4 Ba7 8. Bb3
h6 9. dxe5 Ngxe5 10. Nd4 d6 11. Nxc6 bxc6 12. Bf4 Qf6 13. Bxe5 Qxe5 14. Nd2 O-O
15. Qf3 Be6 16. Qd3 Qb5 17. Qc2 Qe2 18. Qd1 Qxd1 19. Re1 Qxa1 20. Rxa1 Rab8 1/2-1/2

[Event "23rd Dubai Open 2023"]
[Site "Dubai UAE"]
[Date "2023.06.04"]
[Round "9.13"]
[White "Gavrilescu, David"]
[Black "Indjic, Aleksandar"]
[Result "1/2-1/2"]
[WhiteTitle "GM"]
[BlackTitle "GM"]
[WhiteElo "2535"]
[BlackElo "2618"]
[WhiteFideId "1227190"]
[BlackFideId "911925"]
[EventDate "2023.05.27"]

1. e4 c5 2. Nf3 e6 3. d4 cxd4 4. Nxd4 a6 5. Bd3 Bc5 6. Nb3 Be7 7. O-O d6 8. Qg4
g6 9. Qe2 Nd7 10. a4 b6 11. Na3 Bb7 12. Re1 e5 13. Nc4 h5 14. Be3 Ngf6 15. a5 b5
16. Nb6 Nxe4 17. c4 bxc4 18. Bxe4 Bxe4 19. Qxc4 Bb7 20. Qa4 Rb8 21. Rad1 Bc8 22.
Nd4 O-O 23. Nc6 Nxb6 24. Qb4 Nd7 25. Nxb8 Nxb8 26. Qxb8 Qxa5 27. Rc1 Bf5 28. Qc7
Qxc7 29. Rxc7 Re8 30. Bd2 Bf8 31. Bc3 g5 32. Rd1 Rb8 33. Rc6 a5 34. Rcxd6 Bxd6
35. Rxd6 Rb5 36. Ra6 Rd5 37. h4 gxh4 38. Rxa5 Rd1+ 39. Kh2 f6 40. f4 h3 41. fxe5
hxg2 1/2-1/2

[Event "23rd Dubai Open 2023"]
[Site "Dubai UAE"]
[Date "2023.06.04"]
[Round "9.14"]
[White "Aditya, Mittal"]
[Black "Bernadskiy, Vitaliy"]
[Result "1/2-1/2"]
[WhiteTitle "GM"]
[BlackTitle "GM"]
[WhiteElo "2522"]
[BlackElo "2592"]
[WhiteFideId "35042025"]
[BlackFideId "14100371"]
[EventDate "2023.05.27"]

1. Nf3 Nf6 2. c4 b6 3. g3 c5 4. Bg2 Bb7 5. Nc3 g5 6. h3 Bg7 7. O-O h6 8. d4 Ne4
9. Qd3 Nxc3 10. bxc3 d6 11. e4 Nd7 12. Be3 e5 13. d5 Nf8 14. h4 Nh7 15. Bh3 Bf6
16. hxg5 Nxg5 17. Bxg5 hxg5 18. Bf5 Bc8 19. Kg2 Bxf5 20. exf5 Qd7 21. a4 a5 22.
Rfb1 Rb8 23. Qe4 Kd8 24. Nh2 Be7 25. Ng4 f6 26. Qc2 Kc7 27. Rh1 Rbf8 28. Rae1
Bd8 29. Ne3 Qe8 30. Qb3 Kc8 31. Qb5 Qxb5 32. cxb5 Kd7 33. Rxh8 Rxh8 34. Rh1 Rxh1
35. Kxh1 Ke7 36. Kg2 Kf7 37. Kf3 Kg7 38. Ng4 Kh7 39. Ke4 Kg7 40. Kd3 Be7 41. Kc4
Bd8 42. Kb3 Be7 43. Ka3 Bd8 44. Ka2 Kh7 45. Ka1 Kg7 46. Kb2 Kh7 47. Kb1 Kg7 48.
Kc1 Be7 49. Kc2 Bd8 50. Kd1 Be7 51. Kd2 Bd8 52. Ke1 Be7 53. Ke2 Bd8 54. Kf1 Be7
55. Kg1 Bd8 56. Kh1 Be7 57. Kh2 Bd8 58. Kh3 Be7 59. Kg2 Bd8 60. Kf3 Be7 61. Ke4
Bd8 62. f4 exf4 63. gxf4 Kf7 64. Kf3 Kg7 65. Kg3 Kf7 66. Kf3 Kg7 67. Kg3 Kf7 68.
Ne3 g4 69. Kxg4 Kg7 70. Kh5 Kh7 71. Nc4 Bc7 72. Nd2 Bd8 73. Nf3 Kg7 74. Nh4 Kh7
75. Ng6 Kg7 76. Kg4 Kf7 77. Kh4 Kg8 78. Kg3 Kf7 79. Kf3 Kg7 80. Kg4 Kf7 81. Nh4
Kg7 82. Nf3 Kf7 83. Nh2 Kg7 84. Kf3 Kh6 85. Ng4+ Kg7 86. Ke3 Kf7 87. Ke4 Kg7 88.
Ne3 Kh6 89. Kf3 Kg7 90. Kg4 Kh6 91. Kh4 Bc7 92. Nc4 Kh7 93. Kh5 Kg7 94. Ne3 Bd8
95. Ng2 Be7 96. Nh4 Bd8 97. Ng6 Bc7 98. Ne7 Bd8 99. Nc6 Bc7 100. Kg4 Kh6 101.
Kf3 Kg7 102. Ke4 Kf7 103. Kf3 Kg7 104. Kg4 Kh6 105. Kh4 Kh7 106. Kh5 Kg7 107.
Ne7 Bd8 108. Ng6 Bc7 109. Ne7 1/2-1/2

[Event "23rd Dubai Open 2023"]
[Site "Dubai UAE"]
[Date "2023.06.04"]
[Round "9.15"]
[White "Rios, Cristhian Camilo"]
[Black "Yuffa, Daniil"]
[Result "0-1"]
[WhiteTitle "GM"]
[BlackTitle "GM"]
[WhiteElo "2469"]
[BlackElo "2592"]
[WhiteFideId "4403940"]
[BlackFideId "24131423"]
[EventDate "2023.05.27"]

1. d4 Nf6 2. c4 g6 3. Nc3 Bg7 4. e4 d6 5. Be2 e5 6. dxe5 dxe5 7. Qxd8+ Kxd8 8.
Nf3 Nc6 9. Be3 Be6 10. O-O-O+ Nd7 11. Rd2 h6 12. Rhd1 Kc8 13. h3 a6 14. Kb1 b6
15. a3 Nc5 16. Ka2 a5 17. Bxc5 bxc5 18. Na4 Bf8 19. Rc1 f5 20. Bd3 Be7 21. Re2
Bd6 22. Ree1 Rf8 23. Nd2 Bd7 24. Nc3 Nd4 25. Nb5 Kb7 26. Nxd4 exd4 27. g3 g5 28.
exf5 Bxf5 29. Bxf5 Rxf5 30. Ne4 Rf3 31. Rcd1 Kc6 32. Kb1 Rg8 33. Kc2 Rb8 34. Rd2
Bf8 35. Red1 Rfb3 36. Rb1 a4 37. Rd3 Rxd3 38. Kxd3 Rb3+ 39. Kc2 Bg7 40. Nd2 d3+
41. Kd1 Rxb2 42. Rxb2 Bxb2 43. Nb1 Kd6 44. Kd2 Ke5 45. Kxd3 h5 46. Ke3 Bd4+ 47.
Ke2 Kf5 48. Kf3 h4 49. Nd2 Bb2 50. Nb1 Ke5 51. Ke3 Bc1+ 52. Kd3 g4 53. f4+ Ke6
54. f5+ Kf7 55. Ke2 gxh3 56. Kf3 h2 57. Kg2 hxg3 58. Nc3 Bb2 0-1

[Event "23rd Dubai Open 2023"]
[Site "Dubai UAE"]
[Date "2023.06.04"]
[Round "9.16"]
[White "Anuj, Shrivatri"]
[Black "Adhiban, Baskaran"]
[Result "1-0"]
[WhiteTitle "IM"]
[BlackTitle "GM"]
[WhiteElo "2404"]
[BlackElo "2589"]
[WhiteFideId "35070924"]
[BlackFideId "5018471"]
[EventDate "2023.05.27"]

1. d4 g6 2. e4 Bg7 3. Nf3 d6 4. Be2 Nf6 5. Nc3 O-O 6. O-O a6 7. a4 e6 8. h3 Nc6
9. a5 h6 10. Bf4 g5 11. Bh2 g4 12. hxg4 Nxg4 13. Bg3 f5 14. exf5 exf5 15. Nd5
Kh7 16. c3 Ne7 17. Bh4 Bf6 18. Nxf6+ Nxf6 19. Bd3 Ng6 20. Qc2 Qd7 21. Rae1 Nh5
22. Qd1 Nhf4 23. Bc4 Qg7 24. g3 b5 25. axb6 cxb6 26. Kh2 Bb7 27. d5 Nh5 28. Nd4
Nhf4 29. gxf4 Nxh4 30. Rg1 Qf7 31. Re6 Rg8 32. Rg3 Rae8 33. Qe2 b5 34. Bd3 Bxd5
35. Nxf5 Nf3+ 36. Qxf3 Qxe6 37. Qh5 Rxg3 38. fxg3 Kh8 39. Nxh6 Re7 40. Nf5+ Rh7
41. Qxh7+ Kxh7 42. Nd4+ Qe4 43. Bxe4+ Bxe4 44. b4 Kg6 45. g4 Bd5 46. Kg3 Be4 47.
f5+ 1-0

[Event "23rd Dubai Open 2023"]
[Site "Dubai UAE"]
[Date "2023.06.04"]
[Round "9.17"]
[White "Sviridov, Valery"]
[Black "Tiglon, Bryce"]
[Result "1/2-1/2"]
[BlackTitle "IM"]
[WhiteElo "2545"]
[BlackElo "2494"]
[WhiteFideId "4120680"]
[BlackFideId "2087456"]
[EventDate "2023.05.27"]

1. d4 Nf6 2. c4 g6 3. Nc3 d5 4. cxd5 Nxd5 5. e4 Nxc3 6. bxc3 Bg7 7. Nf3 c5 8.
Be2 Nc6 9. Be3 Bg4 10. Rb1 O-O 11. O-O Bxf3 12. Bxf3 cxd4 13. cxd4 Bxd4 14. Bxd4
Nxd4 15. Rxb7 e5 16. Bg4 Qg5 17. f4 exf4 18. Qxd4 Qxg4 19. Rxa7 Rxa7 20. Qxa7
Rc8 21. h3 Qg3 22. Qf2 Ra8 23. Qxf4 Qxf4 24. Rxf4 Rxa2 25. Kh2 Ra3 26. Rf3 Ra4
27. Re3 Kg7 28. Kg3 Kf6 29. Kf3 Rb4 30. Ra3 h5 1/2-1/2

[Event "23rd Dubai Open 2023"]
[Site "Dubai UAE"]
[Date "2023.06.04"]
[Round "9.18"]
[White "Injac, Teodora"]
[Black "Mchedlishvili, Mikheil"]
[Result "1/2-1/2"]
[WhiteTitle "IM"]
[BlackTitle "GM"]
[WhiteElo "2402"]
[BlackElo "2553"]
[WhiteFideId "932400"]
[BlackFideId "13600966"]
[EventDate "2023.05.27"]

1. d4 Nf6 2. Nf3 d5 3. c4 e6 4. g3 Bb4+ 5. Bd2 Be7 6. Bg2 c6 7. Qc2 Nbd7 8. O-O
Ne4 9. Nc3 f5 10. Rad1 Nxd2 11. Nxd2 O-O 12. e3 Bd6 13. Ne2 Nf6 14. Nf4 Qe7 15.
Nd3 Bd7 16. Nf3 Be8 17. Nfe5 Rd8 18. Rb1 h5 19. b4 h4 20. a4 Bxe5 21. Nxe5 Nd7
22. Nd3 Nb6 23. Ne5 Nd7 24. Nd3 Nb6 25. Ne5 1/2-1/2

[Event "23rd Dubai Open 2023"]
[Site "Dubai UAE"]
[Date "2023.06.04"]
[Round "9.19"]
[White "Vasquez Schroeder, Rodrigo"]
[Black "Mosadeghpour, Masoud"]
[Result "0-1"]
[WhiteTitle "GM"]
[BlackTitle "GM"]
[WhiteElo "2524"]
[BlackElo "2479"]
[WhiteFideId "3400042"]
[BlackFideId "12519278"]
[EventDate "2023.05.27"]

1. Nf3 Nf6 2. c4 e6 3. d4 d5 4. g3 Bb4+ 5. Bd2 Be7 6. Bg2 O-O 7. O-O Nbd7 8. Qc2
Ne4 9. Bf4 c6 10. Rd1 g5 11. Bc1 f5 12. Nc3 Nd6 13. b3 Nf7 14. Bb2 b6 15. Rac1
Ba6 16. Nb1 Rc8 17. Nbd2 Bd6 18. a3 Qf6 19. e3 h5 20. b4 b5 21. c5 Bb8 22. h4
gxh4 23. Nxh4 Nh6 24. Ndf3 Ng4 25. Bc3 Rf7 26. Ra1 Rg7 27. Be1 Qh6 28. Bd2 Qf6
29. Be1 Kh8 30. Qe2 Rcg8 31. Kh1 Qe7 32. Ng1 Ndf6 33. Nh3 Ne4 34. Nf4 Bc8 35. a4
e5 36. dxe5 Bxe5 37. Ra2 a6 38. axb5 axb5 39. f3 Ngf2+ 40. Bxf2 Nxf2+ 41. Qxf2
Bxf4 42. exf4 Rxg3 43. Qd4+ R8g7 44. Bf1 Qxh4+ 45. Rh2 Rg1+ 46. Qxg1 Rxg1+ 47.
Kxg1 Qxf4 48. Rg2 Qxb4 49. Bd3 Be6 50. Kh1 Qh4+ 51. Rh2 Qf4 52. Rg1 Bf7 53. Rh3
b4 54. Rhg3 b3 55. R3g2 Qxf3 56. Bb1 Qf4 57. Rg3 d4 58. Kg2 h4 59. Rd3 Bc4 0-1

[Event "23rd Dubai Open 2023"]
[Site "Dubai UAE"]
[Date "2023.06.04"]
[Round "9.20"]
[White "Erdogmus, Yagiz Kaan"]
[Black "Davtyan, Artur"]
[Result "1-0"]
[WhiteTitle "IM"]
[BlackTitle "IM"]
[WhiteElo "2470"]
[BlackElo "2506"]
[WhiteFideId "44599790"]
[BlackFideId "13308327"]
[EventDate "2023.05.27"]

1. e4 c5 2. Nf3 d6 3. d4 cxd4 4. Nxd4 Nf6 5. Nc3 a6 6. h3 e5 7. Nde2 h5 8. g3 b5
9. Bg5 Nbd7 10. Nd5 Bb7 11. Nec3 Be7 12. Nxe7 Qxe7 13. Bg2 Qe6 14. O-O O-O 15.
a3 Rac8 16. Qe2 Nb6 17. Rae1 Nc4 18. Nd1 Rfe8 19. Kh2 Rc7 20. c3 Rd7 21. Bxf6
Qxf6 22. a4 Bc6 23. axb5 axb5 24. h4 d5 25. b3 Nb6 26. exd5 Nxd5 27. Qxh5 Nf4
28. gxf4 Qxf4+ 29. Kg1 Bxg2 30. Kxg2 Re6 31. Re3 Rh6 32. Qxe5 Rg6+ 33. Kh1 Qg4
34. Rg3 Qxh4+ 35. Kg2 Rxg3+ 36. fxg3 Qd8 37. Nf2 Re7 38. Qxb5 Qa8+ 39. Kh2 Re3
40. Ng4 Rxc3 41. Qg5 Qc6 42. Rxf7 Rc2+ 43. Rf2 Qc3 44. Nf6+ Kf8 45. Nd7+ Kg8 46.
Qd5+ Kh8 47. Qa8+ 1-0

[Event "23rd Dubai Open 2023"]
[Site "Dubai UAE"]
[Date "2023.06.04"]
[Round "9.21"]
[White "Sankalp, Gupta"]
[Black "Chanda, Sandipan"]
[Result "0-1"]
[WhiteTitle "GM"]
[BlackTitle "GM"]
[WhiteElo "2504"]
[BlackElo "2460"]
[WhiteFideId "5097010"]
[BlackFideId "5004225"]
[EventDate "2023.05.27"]

1. e4 c5 2. Nf3 d6 3. d4 cxd4 4. Nxd4 Nf6 5. Nc3 a6 6. Be3 e6 7. Be2 Be7 8. f4
O-O 9. Qd3 Nbd7 10. Bf3 Nc5 11. Qe2 e5 12. Nb3 Nxb3 13. axb3 Bd7 14. g4 d5 15.
exd5 e4 16. Nxe4 Nxe4 17. Bxe4 Bb4+ 18. Kf1 Re8 19. Qd3 Bxg4 20. h3 Bd7 21. Kg2
Qh4 22. Raf1 g6 23. Bf3 Bd6 24. Bd1 Bf5 25. Qd2 Re4 26. Bf2 Qf6 27. Bg3 Qxb2 28.
Kh2 Rc8 29. Qg2 Rc3 30. Rf2 Ree3 31. Bf3 Rxc2 32. Rxc2 Qxc2 33. Qxc2 Bxc2 34.
Kg2 Bxb3 35. Rc1 Rd3 36. Rc8+ Kg7 37. Kf2 Bxd5 38. Be2 Ra3 39. Bh4 Bxf4 40. Be7
Bg3+ 0-1

[Event "23rd Dubai Open 2023"]
[Site "Dubai UAE"]
[Date "2023.06.04"]
[Round "9.22"]
[White "Movahed, Sina"]
[Black "Batchuluun, Tsegmed"]
[Result "1-0"]
[WhiteTitle "FM"]
[BlackTitle "GM"]
[WhiteElo "2359"]
[BlackElo "2466"]
[WhiteFideId "42520835"]
[BlackFideId "4900847"]
[EventDate "2023.05.27"]

1. e4 e5 2. Nf3 Nc6 3. Bb5 a6 4. Ba4 Nf6 5. O-O Be7 6. d3 b5 7. Bb3 d6 8. c3 O-O
9. a4 Bd7 10. Bc2 Re8 11. Re1 h6 12. d4 Bf8 13. d5 Ne7 14. b3 c6 15. c4 Qc7 16.
Nc3 cxd5 17. Nxd5 Nexd5 18. cxd5 Rec8 19. Bd3 Qc3 20. Ra2 bxa4 21. bxa4 a5 22.
h3 Be7 23. Qe2 Qc7 24. Bd2 Bd8 25. Be3 Be8 26. Nd2 Qe7 27. Rb1 Rcb8 28. Bb5 Bd7
29. Rab2 Bc7 30. Qc4 Qd8 31. Bc6 Rxb2 32. Rxb2 Rb8 33. Rb5 Kf8 34. f4 Rxb5 35.
Qxb5 exf4 36. Bxf4 Bc8 37. Be3 Nd7 38. Nc4 Qe7 39. Bb7 Bxb7 40. Qxb7 Qd8 41. Qc6
Ke7 42. Bf4 Qb8 43. Kh2 h5 44. Bd2 Nc5 45. e5 Nd7 46. Bg5+ f6 47. e6 Nf8 48. Bd2
Qa7 49. Be3 Qb8 50. Bb6 Bxb6 51. Nxb6 f5 52. Nc8+ 1-0